| 000 | 00798cam a2200301 4500500 | ||
|---|---|---|---|
| 005 | 20260329005139.0 | ||
| 041 | _afre | ||
| 042 | _adc | ||
| 100 | 1 | 0 |
_aLacroix, Samuel _eauthor |
| 245 | 0 | 0 | _aL’impro mais pas trop ? |
| 260 | _c2022. | ||
| 500 | _a29 | ||
| 690 | _aAgir | ||
| 690 | _aCamille Riquier | ||
| 690 | _aChoix | ||
| 690 | _aDécision | ||
| 690 | _aHenri Bergson | ||
| 690 | _aImprovisation | ||
| 690 | _aIntuition | ||
| 690 | _aManagement | ||
| 690 | _aMathématiques | ||
| 690 | _aMusique | ||
| 690 | _aPolice | ||
| 690 | _aRationalité | ||
| 690 | _aSport | ||
| 786 | 0 | _nPhilosophie magazine | 162 | 9 | 2022-09-01 | p. 25-27 | 1951-1787 | |
| 856 | 4 | 1 | _uhttps://shs.cairn.info/magazine-philosophie-magazine-2022-9-page-25?lang=fr&redirect-ssocas=7080 |
| 999 |
_c1840730 _d1840730 |
||